000 00291nam a22001337a 4500
008 170601b xxu||||| |||| 00| 0 eng d
020 _a9780275994457
041 _aeng
080 _a94(7/8)
100 _a17
101 _aSHH
245 _aHOPE IS NOT A PLAN
_cMOWLE,TH
942 _2udc
_cBK
999 _c15323
_d15323